Library Banner

Not guilty: (Record no. 21180)

MARC details
000 -LEADER
fixed length control field 00455nam a2200181Ia 4500
001 - CONTROL NUMBER
control field 20856
008 - FIXED-LENGTH DATA ELEMENTS--GENERAL INFORMATION
fixed length control field 140408s9999 xx 000 0 und d
020 ## - INTERNATIONAL STANDARD BOOK NUMBER
International Standard Book Number 0-297-81216-5
040 ## - CATALOGING SOURCE
Transcribing agency PK-LaUMT
082 ## - DEWEY DECIMAL CLASSIFICATION NUMBER
Classification number 152.4
Item number THO-N
100 ## - MAIN ENTRY--PERSONAL NAME
Personal name David Thomas
245 ## - TITLE STATEMENT
Title Not guilty:
Remainder of title Men the case for the defence
Statement of responsibility, etc David Thomas
260 ## - PUBLICATION, DISTRIBUTION, ETC. (IMPRINT)
Place of publication, distribution, etc London,UK:
Name of publisher, distributor, etc Weidenfeld & Nicolson,
Date of publication, distribution, etc 1993
300 ## - PHYSICAL DESCRIPTION
Extent 271 p.
546 ## - LANGUAGE NOTE
Language note EN
650 ## - SUBJECT ADDED ENTRY--TOPICAL TERM
Topical term or geographic name as entry element Emotions
942 ## - ADDED ENTRY ELEMENTS (KOHA)
Koha item type Books
Holdings
Withdrawn status Lost status Source of classification or shelving scheme Damaged status Not for loan Home library Current library Date acquired Total Checkouts Full call number Barcode Date last seen Price effective from Koha item type Date checked out
    Dewey Decimal Classification     UMT Main Campus UMT Main Campus 2014-04-08   152.4 THO-N 14359 2014-04-23 2014-04-23 Books  
    Dewey Decimal Classification     UMT Main Campus UMT Main Campus 2014-06-19 1 152.4 THO-N 15610 2023-01-11 2014-06-19 Books 2022-12-26